000 00333nam a2200133Ia 4500
008 190216s9999||||xx |||||||||||||| ||und||
100 _aDesai Ssm & Nirmal Bhalerao
245 0 _aInternational Economics
250 _a2nd Ed.
260 _bHimalaya Publishing House
_c1997
300 _a335
650 _aEconomics
942 _cBK
999 _c10477
_d10477